| 000 | 00402nam a22001097a 4500 | ||
|---|---|---|---|
| 008 | 230605b xxu||||| |||| 00| 0 eng d | ||
| 082 |
_a328.676005 _bKEN |
||
| 110 | _bKenya national Assembly | ||
| 245 |
_aRepublic of kenya _bNational Assembly Standing orders _cAs amended up to and including october 28, 1992, Being the date of dissolution of the sixth parliament of kenya |
||
| 300 | _a80p | ||
| 942 |
_2ddc _cBK |
||
| 999 |
_c337 _d337 |
||